000 00620nam a22001811cc4500
001 a987674692+BandIII
035 _aa987674692
008 170707s1975 gw |||| 000u ger d
020 _a3764615672
_93-7646-1567-2
245 0 4 _aDie Wehrmacht im Dritten Reich
_nBand III
_p3. August 1934 bis 4. Februar 1938
264 _aBoppard am Rhein :
_bBoldt,
_c1975
300 _aXVIII, 533 S.
246 1 2 _aDie Wehrmacht im Dritten Reich : Aufbau, Gliederung, Recht, Verwaltung. 3. August 1934 bis 4. Februar 1938
_nBand III
773 0 8 _wa987674692
_qBandIII
942 _cMG
040 _cRU-10907106
003 RU-10907106
999 _c45002
_d45002